000 00453nam a2200157Ia 4500
003 OSt
005 20200116114135.0
008 190216s9999||||xx |||||||||||||| ||und||
040 _coclc
082 _a658.1511
_bGUP/M
100 _aGupta, S P
_9766
245 0 _aManagement Accounting /
_cS P Gupta
260 _bSahithya Bhawan Publications,
_c2001.
_aAgra:
300 _a699p
942 _cBK
_2ddc
_h658.1511
_iGUP/M
_k658.1511
_mGUP/M
999 _c5564
_d5564